000 00706cam a22002173a 4500
001 35977
003 PGUSA
005 20140828083756.0
008 110427s2011||||xxu|||||s|||||000 | eng d
040 _aPGUSA
_beng
042 _adc
100 1 _aAbelard, Peter,
_d1079-1142
245 1 0 _aLetters of Abelard and Heloise :
_bTo which is prefix'd a particular account of their lives, amours, and misfortunes
_h[electronic resource] /
_cPeter Abelard
260 _bProject Gutenberg,
_c2011
506 _aPublic domain in the USA.
516 _aElectronic text
700 1 _aHughes, John,
_d1677-1720
830 0 _aProject Gutenberg
_v35977
856 4 0 _uhttp://www.gutenberg.org/ebooks/35977
942 _cEB
999 _c265232
_d265232